000 00294nam a2200109Ia 4500
008 200302s9999 xx 000 0 und d
100 _aArian Mostaedi
245 _aNew Houses in Old Buildings Architectural Design
260 _bCarles Broto & Josep M Minguet
260 _c2002
300 _a239 P.,
999 _c2059
_d2059